Beyond categories, proper names, types and norms toward a fragile openness ( Offen-barkeit ) of différance , but always from within the text
This article sought to respond to Wessel Stoker’s interpretation of transcendence, specifically his last type: transcendence as alterity. It explored the possibilities of this last type as it moves beyond categories, proper names, types and norms toward a fragile openness of différance, always from...
| Main Author: | |
|---|---|
| Format: | Electronic Article |
| Language: | English |
| Check availability: | HBZ Gateway |
| Interlibrary Loan: | Interlibrary Loan for the Fachinformationsdienste (Specialized Information Services in Germany) |
| Published: |
2012
|
| In: |
HTS teologiese studies
Year: 2012, Volume: 68, Issue: 1 |
| Further subjects: | B
God-talk
B Heidegger B Postmetaphysical B Transcendence B Levinas B Derrida B Poetics |
| Online Access: |
Volltext (kostenfrei) Volltext (kostenfrei) |
MARC
| LEADER | 00000caa a22000002c 4500 | ||
|---|---|---|---|
| 001 | 1946175471 | ||
| 003 | DE-627 | ||
| 005 | 20251219055054.0 | ||
| 007 | cr uuu---uuuuu | ||
| 008 | 251216s2012 xx |||||o 00| ||eng c | ||
| 024 | 7 | |a 10.4102/hts.v68i1.1003 |2 doi | |
| 035 | |a (DE-627)1946175471 | ||
| 035 | |a (DE-599)KXP1946175471 | ||
| 040 | |a DE-627 |b ger |c DE-627 |e rda | ||
| 041 | |a eng | ||
| 084 | |a 1 |2 ssgn | ||
| 100 | 1 | |e VerfasserIn |0 (DE-588)1034290002 |0 (DE-627)745187161 |0 (DE-576)381916766 |4 aut |a Meylahn, Johann-Albrecht | |
| 109 | |a Meylahn, Johann-Albrecht |a Meylahn, Johann |a Meylahn, Johann A. | ||
| 245 | 1 | 0 | |a Beyond categories, proper names, types and norms toward a fragile openness ( Offen-barkeit ) of différance , but always from within the text |
| 264 | 1 | |c 2012 | |
| 336 | |a Text |b txt |2 rdacontent | ||
| 337 | |a Computermedien |b c |2 rdamedia | ||
| 338 | |a Online-Ressource |b cr |2 rdacarrier | ||
| 520 | |a This article sought to respond to Wessel Stoker’s interpretation of transcendence, specifically his last type: transcendence as alterity. It explored the possibilities of this last type as it moves beyond categories, proper names, types and norms toward a fragile openness of différance, always from within the text. This transcendence of alterity paves a way for discussion on what is beyond being or beyond language, either horizontally or vertically, so as to move away from dogmatic assertiveness toward a more poetic humility. This poetic humility, because of its openness (Offen-barkeit) and its ‘undogmaticness’, offers a fragile creativeness to our cultural–social–environmental encounters and praxis. Such poetics is found in Heidegger’s work, as he interpreted humanity to dwell poetically in the house of being (language), if language speaks as the Geläut der Stille. Yet Heidegger did not move far enough beyond names and proper names, as he named and identified the kind of poetry that would be ‘proper’ to respond to the Geläut der Stille. Derrida deconstructed Heidegger’s interpretation and exposed Heidegger’s disastrous method of capitalising cultural-political names, moving beyond such capitalisation of ‘proper’ names toward différance and a messianic expectation without Messiah. In this artricle, both Heidegger and Derrida’s conceptions were brought into dialogue with the types of transcendence proposed by Stoker. This showed that Derrida’s thoughts deconstruct Heidegger’s proper poems and, in doing so, move towards openness and a continual response to différance not with grand German-Greek poetry, but with fragile, temporary and maybe even prophetic poetry that is wounded by the continuous expectation of the messianic still to come. As an (in)conclusion, the article explored the possibilities that such a hermeneutics of différance can offer religion and culture in a particular local and highly divided national context of post-apartheid South Africa as a microcosm of a global world, whilst being fully aware of the dangerous return of too many proper names and Begriffe within such an (in)conclusion. | ||
| 650 | 4 | |a Derrida | |
| 650 | 4 | |a Levinas | |
| 650 | 4 | |a Heidegger | |
| 650 | 4 | |a Transcendence | |
| 650 | 4 | |a Postmetaphysical | |
| 650 | 4 | |a God-talk | |
| 650 | 4 | |a Poetics | |
| 773 | 0 | 8 | |i Enthalten in |t HTS teologiese studies |d Tygervalley : [Verlag nicht ermittelbar], 2001 |g 68(2012), 1, Artikel-ID a1003 |h Online-Ressource |w (DE-627)387423893 |w (DE-600)2144496-1 |w (DE-576)31297406X |x 2072-8050 |7 nnas |
| 773 | 1 | 8 | |g volume:68 |g year:2012 |g number:1 |g elocationid:a1003 |
| 856 | |u https://hts.org.za/index.php/hts/article/download/1003/2141 |x unpaywall |z Vermutlich kostenfreier Zugang |h publisher [deprecated] | ||
| 856 | 4 | 0 | |u https://doi.org/10.4102/hts.v68i1.1003 |x Resolving-System |z kostenfrei |3 Volltext |7 0 |
| 856 | 4 | 0 | |u https://hts.org.za/index.php/hts/article/view/1003 |x Verlag |z kostenfrei |3 Volltext |7 0 |
| 935 | |a mteo | ||
| 951 | |a AR | ||
| ELC | |a 1 | ||
| LOK | |0 000 xxxxxcx a22 zn 4500 | ||
| LOK | |0 001 4828863311 | ||
| LOK | |0 003 DE-627 | ||
| LOK | |0 004 1946175471 | ||
| LOK | |0 005 20251216055827 | ||
| LOK | |0 008 251216||||||||||||||||ger||||||| | ||
| LOK | |0 035 |a (DE-Tue135)IxTheo#2025-12-09#FD42CEC4D970534D7989355BEC5E2BDECEE680C8 | ||
| LOK | |0 040 |a DE-Tue135 |c DE-627 |d DE-Tue135 | ||
| LOK | |0 092 |o n | ||
| LOK | |0 852 |a DE-Tue135 | ||
| LOK | |0 852 1 |9 00 | ||
| LOK | |0 935 |a ixrk |a ixzs |a zota | ||
| LOK | |0 939 |a 16-12-25 |b l01 | ||
| OAS | |a 1 | ||
| ORI | |a SA-MARC-ixtheoa001.raw | ||